00609pab a2200181 454500008004000000100001900040245008800059260000900147300001300156362001200169650003600181650002300217773004800240908000600288909001000294999001700304952010600321180718b2001 xxu||||| |||| 00| 0 eng d aEspos, Edna A. aInstitutions, regulation and performance: the case of Philippine telecommunications c2001 ap.38-61. aJan-Oct aTelecommunications - Philippine aTelecommunications aPhilippine Journal of Public Administration aN a77640 c77640d77640 00104070aIIPAbIIPAd2018-07-19hVolume no: 47, Issue no: 1-4pAR78100r2018-07-19w2018-07-19yAR